000 00709nam a2200265Ia 4500
003 OSt
005 20220926030052.0
006 a|||||r|||| 00| 0
007 ta
008 220923b |||||||| |||| 00| 0 eng d
037 _cGeneral Book
040 _aRTL
_cRTL
_beng
041 _2eng
_aeng
082 _aY7, J2/TD3
110 _aRace Concept
_9333476
245 0 _aRace concept
_b Results of an inquiry
260 _aParis
_bUnesco
_c1952
300 _a103p.
_ccm.
490 _aRace Question in Modern Science
500 _aAppendix: P 98-103
650 _aRace
700 _aRace Concept
_9333477
942 _hY7, J2/TD3
_cGB
_2CC
999 _c648597
_d648597